ბათუმის შოთა რუსთაველის სახელმწიფო უნივერსიტეტის ბიბლიოთეკა

თბილისის კურორტები და სააგარაკო ადგილები / (ბიბ.ჩანაწერი № 61997)

000 -ლიდერი
ფიქსირებული სიგრძის საკონტროლო ველი 00903nam a22001937a 4500
003 - საკონტროლო ნომრის იდენტიფიკატორი
საკონტროლო ველი Ge_BSU
005 - ბოლო ოპერაციის თარიღი და დრო
საკონტროლო ველი 20240619171735.0
008 - ფიქსირებული სიგრძის მონაცემთა ელემენტები - ზოგადი ინფორმაცია
ფიქსირებული სიგრძის საკონტროლო ველი 240619s1955 ge ||||| |||| 00| 0 geo d
041 ## - ენის კოდი
Language code of text/sound track or separate title geo
080 ## - უნივერსალური ათობითი კლასიფიკაციის ინდექსი
Universal Decimal Classification number 615.838(479.22-25) ნ-78
100 ## - მთავარი ჩანაწერი - პიროვნების სახელი
Personal name ნოდია, მ.
9 (RLIN) 22473
245 ## - ცნობა სათაურის შესახებ
Title თბილისის კურორტები და სააგარაკო ადგილები /
Statement of responsibility, etc მ. ნოდია; რედ. ს. საყვარელიძე.
264 ## - წარმოების, გამოცემის, დისტრიბუციის და სხვა ცნობები
გამოცემის, წარმოების, დისტრიბუციის... ადგილი თბილისი :
გამოცემის, წარმოების, დისტრიბუციის... სახელწოდება საქმედგამი,
გამოცემის, წარმოების, დისტრიბუციის... თარიღი 1955.
300 ## - ფიზიკური აღწერა
Extent 96 გვ. :
Other physical details 16 ფ. ილ.
Dimensions 21სმ.
653 ## - INDEX TERM--UNCONTROLLED
Uncontrolled term კურორტები თბილისში
653 ## - INDEX TERM--UNCONTROLLED
Uncontrolled term სააგარაკო ადგილები თბილისში
700 ## - ADDED ENTRY--PERSONAL NAME
Personal name საყვარელიძე, ს.
Relator term რედაქტორი
9 (RLIN) 22508
942 ## - ADDED ENTRY ELEMENTS (KOHA)
Source of classification or shelving scheme
Koha item type წიგნი
ეგზემპლარები
ჩამოწერის სტატუსი დაკარგული ეგზემპლარის სტატუსი კლასიფიკაციის წყარო ან თაროზე გაწყობის სქემა დაზიანების სტატუსი არ გაიცემა მუდმივი მდებარეობა (დაცვის ადგილი) ამჟამინდელი ადგილსამყოფელი თაროზე განთავსების ადგილი შეძენის თარიღი ღირებულება, შესყიდვის ნორმალური ფასი სრული შენახვის შიფრი შტრიხკოდი ბოლო ოპერაციის თარიღი ეგზემპლარის მიმდევრობითი ნომერი (კეტერი?) ფასის ძალაში შესვლის თარიღი ეგზემპლარის სახეობა საჯარო შენიშვნა
          ბათუმის შოთა რუსთაველის სახელმწიფო უნივერსიტეტის მთავარი ბიბლიოთეკა ბათუმის შოთა რუსთაველის სახელმწიფო უნივერსიტეტის მთავარი ბიბლიოთეკა წიგნსაცავი 2024-06-19 1.00 615.838(479.22-25) ნ-78 68245 2024-06-19 68245 2024-06-19 წიგნი 1 ლ.
          ბათუმის შოთა რუსთაველის სახელმწიფო უნივერსიტეტის მთავარი ბიბლიოთეკა ბათუმის შოთა რუსთაველის სახელმწიფო უნივერსიტეტის მთავარი ბიბლიოთეკა წიგნსაცავი 2024-06-19 1.00 615.838(479.22-25) ნ-78 68246 2024-06-19 68246 2024-06-19 წიგნი 1 ლ.
          ბათუმის შოთა რუსთაველის სახელმწიფო უნივერსიტეტის მთავარი ბიბლიოთეკა ბათუმის შოთა რუსთაველის სახელმწიფო უნივერსიტეტის მთავარი ბიბლიოთეკა წიგნსაცავი 2024-06-19 1.00 615.838(479.22-25) ნ-78 68247 2024-06-19 68247 2024-06-19 წიგნი 1 ლ.